| 000 | 00469nam a22001697a 4500 | ||
|---|---|---|---|
| 003 | CEME | ||
| 005 | 20210628201807.0 | ||
| 008 | 210216b xxu||||| |||| 00| 0 eng d | ||
| 020 | _a0-07-029352-X | ||
| 040 | _c. | ||
| 082 | _a510 HOF | ||
| 100 |
_aHoffmann, Laurence.D Bradley, Gerald.L _956859 |
||
| 245 | _aFinite mathematics with calculus | ||
| 260 |
_aNEW YORK _bMCGRAW HILL _c1995 |
||
| 650 |
_aMATHEMATICS MATHEMATICS WITH CALCULUS _956860 |
||
| 942 |
_cBK _2ddc |
||
| 999 |
_c567191 _d567191 |
||